000 nam a22 a 4500
999 _c184325
_d184325
003 BLK
005 20211123115221.0
008 180411b bul|||||r ||||||| ||bul||
010 _aKNG00193278000
040 _aBLK
041 _aBUL
_cBUL
080 _aНемска литература
_b821.112.2
_x-31
_z821.112.2-31
100 1 _aЕдшмид, Казимир
_eпърви автор
_966760
139 _aЕдшмид, Казимир
_bЕ 34
245 1 0 _aЛорд Байрон
_bРоман на една страст
_cКазимир Едшмид; прев. от нем. Спас Николов Мулешков.
257 _aBGR
260 _aСофия
_bНар. култура
_c1959
300 _a326 с., 14 л.
_bил., 1 л. факс.
_c20 см
380 _aX
700 1 _aМулешков, Спас Николов
_eпрев. от нем.
_9324307
852 _aЦб 14132
_bЦб
942 _cKNG
_n0
_s1
944 _aCR
_c15.10.2016
_kПравда_Бадева
944 _aED
_c2021-11-23
_kГГГ